Ovládanie elektronickej škrtiacej klapky
Uložené v:
| Hlavný autor: | |
|---|---|
| Ďalší autori: | |
| Médium: | Rukopis Kniha |
| Jazyk: | Slovak |
| Vydavateľské údaje: |
Bratislava :
STU v Bratislave SjF,
2014
|
| Predmet: | |
| On-line prístup: | VAIS |
| Tagy: |
Žiadne tagy, Buďte prvý, kto otaguje tento záznam!
|
MARC
| LEADER | 00000ntm a22000003a 4500 | ||
|---|---|---|---|
| 001 | stu295939 | ||
| 005 | 20150617230318.9 | ||
| 008 | 140823s2014----xo------------------slo-d | ||
| 040 | |a STU |b slo | ||
| 041 | 0 | |a slo | |
| 044 | |a xo | ||
| 100 | 1 | |a Murgaš, Marián, |d 1986- |4 aut |u J |T SjF Strojnícka fakulta |X 70529 |U J |Y 20 |7 A000070529 | |
| 242 | 0 | 0 | |a Electronic throttle controller |y eng |
| 245 | 1 | |a Ovládanie elektronickej škrtiacej klapky | |
| 260 | |a Bratislava : |b STU v Bratislave SjF, |c 2014 | ||
| 650 | 7 | |a mechatronika |2 stusub | |
| 650 | 7 | |a Mechatronics |2 estusub | |
| 650 | 7 | |a škrtiaca klapka |2 stusub | |
| 700 | 1 | |a Honek, Marek, |d 1982- |4 ths |u J110 |U SjF Ústav automatizácie, merania a aplikovanej informatiky |T SjF Katedra automatizácie, informačnej a prístrojovej techniky |X 28245 |U J110 |Y 37 |7 A000028245 | |
| 856 | 4 | |a info a plný text |u http://is.stuba.sk/zp/portal_zp.pl?podrobnosti=103737 |3 VAIS | |